000
00280nam a2200097Ia 4500
001
1290433
005
20260417164515.0
008
260417s9999 xx 000 0 und d
245
0
_a
TÜRKİYE'Yİ GEZİYORUM 6 LEVENT ANTALYA'DA
_c
MUSTAFA ORAKÇI
260
_b
TİMAŞ ÇOCUK YAYINLARI
999
_c
1290433
_d
1290433